Oroonoko : a tragedy, as it was acted at the Theatre-Royal, by His Majesty's Servants, in the year 1699. By Thomas Southern.

Bibliographic Details
Main Author: Southerne, Thomas, 1660-1746
Format: eBook
Language:English
Series:Eighteenth century collections online.
Online Access:Full text online

MARC

Tag First Indicator Second Indicator Subfields
LEADER 00000cam a2200000 4500
001 in00001925573
006 m | d |
007 cr |n||||||||n
008 810314s1732 enk|||| s 00||||eng d
005 20260406210146.1
035 |a (CStRLIN)ESTCT119181 
040 |a Uk-ES  |c Uk-ES  |d Cu-RivES  |d CStRLIN  |d Thomson Gale  |d UtOrBLW 
100 1 |a Southerne, Thomas,  |d 1660-1746. 
245 1 0 |a Oroonoko :  |b a tragedy, as it was acted at the Theatre-Royal, by His Majesty's Servants, in the year 1699. By Thomas Southern. 
264 3 |a London :  |b printed for B. Motte, and J. Poulson; and for Richard, James and Bethel Wellington; and sold by W. Feals,  |c 1732. 
300 |a 92, 4 unnumbered pages ;  |c 12⁰. 
336 |a text  |b txt  |2 rdacontent 
337 |a computer  |b c  |2 rdamedia 
338 |a online resource  |b cr  |2 rdacarrier 
500 |a With a half-title and two final advertisement leaves. 
500 |a Reproduction of original from the British Library. 
510 4 |a English Short Title Catalog,  |c ESTCT119181. 
533 |a Electronic reproduction.  |b Farmington Hills, Mich. :  |c Thomson Gale,  |d 2003.  |n Available via the World Wide Web.  |n Access limited by licensing agreements  |7 s2003 miunns 
500 |a Electronic resource. 
830 0 |a Eighteenth century collections online. 
856 4 0 |u http://proxy.library.tamu.edu/login?url=https://galenet.galegroup.com/servlet/ECCO?c=1&stp=Author&ste=11&af=BN&ae=T119181&tiPG=1&dd=0&dc=flc&docNum=CW114022391&vrsn=1.0&srchtp=a&d4=0.33&n=10&SU=0LRK&locID=txshracd2898  |z Full text online  |t 0 
999 |a MARS 
999 f f |s e077c8dc-c48d-3e35-9ebe-9bb2eb3880b4  |i fbddddaa-59d8-32fc-868c-011e8ae80522  |t 0 
952 f f |a Texas A&M University  |b College Station  |c Electronic Resources  |s www_evans  |d Available Online  |t 0  |h No information provided 
998 f f |t 0  |l Available Online